书目信息 |
| 题名: |
社会治理法学
|
|
| 作者: | 钟会兵 主编 | |
| 分册: | ||
| 出版信息: | 北京 社会科学文献出版社 2024.10 |
|
| 页数: | 320页 | |
| 开本: | 23cm | |
| 丛书名: | ||
| 单 册: | ||
| 中图分类: | D920.0-53 | |
| 科图分类: | ||
| 主题词: | 法律--中国 | |
| 电子资源: | ||
| ISBN: | 978-7-5228-4270-7 | |
| 000 | 01184nam0 2200229 450 | |
| 001 | 2530740039 | |
| 005 | 20251211085149.37 | |
| 010 | @a978-7-5228-4270-7@dCNY99.00 | |
| 100 | @a20251211d2024 km y0chiy0120 ea | |
| 101 | 0 | @achi |
| 102 | @aCN@b110000 | |
| 200 | 1 | @a社会治理法学@AShe Hui Zhi Li Fa Xue@f钟会兵主编@FZhong Hui Bing Zhu Bian |
| 210 | @a北京@c社会科学文献出版社@d2024.10 | |
| 215 | @a320页@d23cm | |
| 300 | @a推进社会治理现代化, 是完善和发展中国特色社会主义制度、推进国家治理体系和治理能力现代化的重要内容。 法治是社会治理的最有效方式, 是社会治理现代化的重要标志。 这本由天津社会科学院主办, 天津社会科学院法学研究所、天津市法学会社会治理法学研究会共同编撰的学术集刊《社会治理法学》, 旨在探究社会治理的法治传统之道、历史之变, 回应社会治理的法治现实之惑、实践之问, 积极推动社会治理法学新兴学科体系建设, 提炼社会治理法学标识性学术概念, 打造具有中国特色、国际视野的学术话语体系, 开辟社会治理法学学术阵地。 | |
| 503 | @n河南城建学院图书馆 | |
| 510 | 1 | @a= Social governance jurisprudence |
| 606 | 0 | @a法律@x中国 |
| 690 | @aD920.0-53@v4 | |
| 701 | 0 | @a钟会兵@AZhong Hui Bing@4主编 |
| 801 | 0 | @aCN@b大连网信软件有限公司图书馆·11@c20251211 |
| 905 | @aZUCC@dD920.0-53@eZ728 | |
| 社会治理法学/钟会兵主编.-北京:社会科学文献出版社,2024.10 |
| 320页;23cm |
| 推进社会治理现代化, 是完善和发展中国特色社会主义制度、推进国家治理体系和治理能力现代化的重要内容。 法治是社会治理的最有效方式, 是社会治理现代化的重要标志。 这本由天津社会科学院主办, 天津社会科学院法学研究所、天津市法学会社会治理法学研究会共同编撰的学术集刊《社会治理法学》, 旨在探究社会治理的法治传统之道、历史之变, 回应社会治理的法治现实之惑、实践之问, 积极推动社会治理法学新兴学科体系建设, 提炼社会治理法学标识性学术概念, 打造具有中国特色、国际视野的学术话语体系, 开辟社会治理法学学术阵地。 |
| ISBN 978-7-5228-4270-7:CNY99.00 |
| ● |
| 相关链接 |
|
|
|
正题名:社会治理法学
索取号:D920.0-53/Z728
 
预约/预借
| 序号 | 登录号 | 条形码 | 馆藏地/架位号 | 状态 | 备注 |
| 1 | 1556681 | 215566812 | 马克思主义学院资料室/ [索取号:D920.0-53/Z728] | 在馆 |